El secreto del padre Brown y otro relato = (Registro nro. 24431)
[ vista simple ]
| 000 -LEADER | |
|---|---|
| fixed length control field | 01686cam a2200433 i 4500 |
| 001 - CONTROL NUMBER | |
| control field | 24431 |
| 003 - CONTROL NUMBER IDENTIFIER | |
| control field | Mx-PuUPA |
| 005 - DATE AND TIME OF LATEST TRANSACTION | |
| control field | 20250924114742.0 |
| 008 - FIXED-LENGTH DATA ELEMENTS--GENERAL INFORMATION | |
| fixed length control field | 140415s1986 a gr 000 f spa d |
| 017 ## - COPYRIGHT OR LEGAL DEPOSIT NUMBER | |
| Copyright or legal deposit number | B. 34523-2012 |
| 020 ## - INTERNATIONAL STANDARD BOOK NUMBER | |
| International Standard Book Number | 9788494027246 |
| 040 ## - CATALOGING SOURCE | |
| Transcribing agency | Mx-PuUPA |
| Original cataloging agency | Mx-PuUPA |
| Language of cataloging | spa |
| Modifying agency | Mx-PuUPA |
| Description conventions | rda |
| 041 1# - LANGUAGE CODE | |
| Language code of text/sound track or separate title | eng |
| -- | spa |
| 100 1# - MAIN ENTRY--PERSONAL NAME | |
| Personal name | Chesterton, G. K., |
| Fuller form of name | (Gilbert Keith), |
| Dates associated with a name | 1874-1936 |
| Relator term | autor |
| 9 (RLIN) | 6386 |
| 245 13 - TITLE STATEMENT | |
| Title | El secreto del padre Brown y otro relato = |
| Remainder of title | The secret of Father Brown and another short story / |
| Statement of responsibility, etc. | G.K. Chesterton ; traducción, Mario Domínguez Parra |
| 246 31 - VARYING FORM OF TITLE | |
| Title proper/short title | The secret of Father Brown and another short story |
| 264 #1 - PRODUCTION, PUBLICATION, DISTRIBUTION, MANUFACTURE, AND COPYRIGHT NOTICE | |
| Place of production, publication, distribution, manufacture | [Lugar de publicación no identificado] : |
| Name of producer, publisher, distributor, manufacturer | Now Books, |
| Date of production, publication, distribution, manufacture, or copyright notice | [2012?] |
| 300 ## - PHYSICAL DESCRIPTION | |
| Extent | 63 páginas ; |
| Dimensions | 20 cm + |
| Accompanying material | 1 disco de computadora (4 3/4 pulg.) |
| 336 ## - CONTENT TYPE | |
| Fuente | rdacontent |
| Content type term | texto |
| Content type code | txt |
| 336 ## - CONTENT TYPE | |
| Fuente | rdacontent |
| Content type term | palabra hablada |
| Content type code | spw |
| 337 ## - MEDIA TYPE | |
| Source | rdamedia |
| Media type term | sin medio |
| Media type code | n |
| 337 ## - MEDIA TYPE | |
| Source | rdamedia |
| Media type term | audio |
| Media type code | s |
| 337 ## - MEDIA TYPE | |
| Source | rdamedia |
| Media type term | computadora |
| Media type code | c |
| 338 ## - CARRIER TYPE | |
| Source | rdacarrier |
| Carrier type term | volumen |
| Carrier type code | nc |
| 338 ## - CARRIER TYPE | |
| Source | rdacarrier |
| Carrier type term | disco compacto |
| Carrier type code | cd |
| 490 0# - SERIES STATEMENT | |
| Series statement | Clásicos bilingües ; |
| Volume/sequential designation | 5 |
| 546 ## - LANGUAGE NOTE | |
| Language note | Texto en inglés y español. |
| 650 #7 - SUBJECT ADDED ENTRY--TOPICAL TERM | |
| Source of heading or term | armarc |
| Topical term or geographic name entry element | Padre Brown (Personaje ficticio) |
| Form subdivision | Novela |
| 650 #7 - SUBJECT ADDED ENTRY--TOPICAL TERM | |
| Source of heading or term | armarc |
| Topical term or geographic name entry element | Católicos |
| Form subdivision | novela |
| 650 #7 - SUBJECT ADDED ENTRY--TOPICAL TERM | |
| Source of heading or term | armarc |
| Topical term or geographic name entry element | Clero |
| Form subdivision | Novela |
| 650 #7 - SUBJECT ADDED ENTRY--TOPICAL TERM | |
| Source of heading or term | armarc |
| Topical term or geographic name entry element | Inglaterra |
| Form subdivision | Novela |
| 650 #7 - SUBJECT ADDED ENTRY--TOPICAL TERM | |
| Source of heading or term | armarc |
| Topical term or geographic name entry element | Novela policiaca |
| General subdivision | Inglesa |
| 655 #7 - INDEX TERM--GENRE/FORM | |
| Genre/form data or focus term | Novela |
| Source of term | armarc |
| 700 1# - ADDED ENTRY--PERSONAL NAME | |
| Personal name | Domínguez Parra, Mario, |
| Relator term | traductor |
| 942 ## - ADDED ENTRY ELEMENTS (KOHA) | |
| Source of classification or shelving scheme | Dewey Decimal Classification |
| Koha item type | Libro |
| Classification part | 823.912 |
| Item part | C53 |
| Withdrawn status | Lost status | Source of classification or shelving scheme | Damaged status | Not for loan | Collection code | Home library | Current library | Shelving location | Date acquired | Source of acquisition | Cost, normal purchase price | Total Checkouts | Full call number | Barcode | Date last seen | Cost, replacement price | Price effective from | Koha item type |
|---|---|---|---|---|---|---|---|---|---|---|---|---|---|---|---|---|---|---|
| Dewey Decimal Classification | General | Biblioteca Karol Wojtyla | Biblioteca Karol Wojtyla | Sala general | 03/12/2013 | Donación | 0.00 | 823.912 C53 2012 | 45578 | 05/01/2026 | 0.00 | 03/12/2013 | Libro | |||||
| Dewey Decimal Classification | Audiovisual | Biblioteca Karol Wojtyla | Biblioteca Karol Wojtyla | Módulo de circulación | 26/08/2025 | Donación | 0.00 | 823.912 C53 2012 | 700666 | 26/08/2025 | 0.00 | 26/08/2025 | Cd-Rom |